00656 a2200193 4500020001500000082001200015090001500027100001600042245008000058250001200138260006500150300002600215500002000241650003400261700001500295942002000310999001500330952011700345 a0805331409 a005.133 c2009d200910aKelley, Al.10aC by dissectionb: the essentials of C programmingc/ Al Kelley & Ira Pohl. a2nd ed.0 aRedwood City, Calif.b: Benjamin/Cummings Pub. Co.c, c1992. axvi, 639 p.c; 24 cm. aIncludes index. 0aC (Computer program language)10aPohl, Ira. cBKk005.133 KEL c5947d5947 001040708NFICaCLbCLcSEd2014-04-21l6m6o005.133 KELpSEECSD00260r2023-01-13s2022-11-01w2017-01-05yBK